| 000 | 00650nam a22001817a 4500 | ||
|---|---|---|---|
| 003 | UA-OsUOA | ||
| 001 | 19985 | ||
| 007 | ta | ||
| 008 | 20041011b un ||||| |||| 00| 0 ukr d | ||
| 100 | _aМартиненко А. | ||
| 942 | _cSA | ||
| 040 |
_aUA-OsUOA _cUA-OsUOA _dUA-OsUOA |
||
| 245 |
_aНаша шкопа отримала визнання по всій Україні _b[Про Рівнен. дит. худож. шк. розповідає його дир. А. Мартиненко] |
||
| 300 | _aС.17 | ||
| 955 | _a0 | ||
| 773 | 0 |
_w0 _tПанорама _dРівне _d2004 _g№36/17 верес./ |
|
| 650 | 7 |
_aКраєзнавча робота _2UDC |
|
| 999 |
_c306158 _d306158 |
||